Statistiche per Tutti i Pokémon delle gen I-II-III (#0001-#0386)

Clicka qui per fare il quiz!

Statistiche generali

  • Questo quiz è stato fatto 80 volte
  • Il punteggio medio è 240 su 386

Statistiche sulle risposte

PokédexRispostaTipo% Corretto
#0009BlastoiseAcqua
97%
#0001BulbasaurErba/Veleno
97%
#0006CharizardFuoco/Volante
97%
#0005CharmeleonFuoco
97%
#0002IvysaurErba/Veleno
97%
#0007SquirtleAcqua
97%
#0003VenusaurErba/Veleno
97%
#0004CharmanderFuoco
94%
#0012ButterfreeColeottero/Volante
91%
#0094GengarSpettro/Veleno
91%
#0107HitmonchanLotta
91%
#0014KakunaColeottero/Veleno
91%
#0151MewPsico
91%
#0008WartortleAcqua
91%
#0010CaterpieColeottero
88%
#0092GastlySpettro/Veleno
88%
#0076GolemRoccia/Terra
88%
#0093HaunterSpettro/Veleno
88%
#0106HitmonleeLotta
88%
#0068MachampLotta
88%
#0011MetapodColeottero
88%
#0150MewtwoPsico
88%
#0095OnixRoccia/Terra
88%
#0018PidgeotNormale/Volante
88%
#0017PidgeottoNormale/Volante
88%
#0016PidgeyNormale/Volante
88%
#0025PikachuElettro
88%
#0026RaichuElettro
88%
#0059ArcanineFuoco
85%
#0015BeedrillColeottero/Veleno
85%
#0149DragoniteDrago/Volante
85%
#0074GeodudeRoccia/Terra
85%
#0075GravelerRoccia/Terra
85%
#0058GrowlitheFuoco
85%
#0109KoffingVeleno
85%
#0131LaprasAcqua/Ghiaccio
85%
#0067MachokeLotta
85%
#0066MachopLotta
85%
#0126MagmarFuoco
85%
#0034NidokingVeleno/Terra
85%
#0029Nidoran ♀Veleno
85%
#0032Nidoran ♂Veleno
85%
#0030NidorinaVeleno
85%
#0033NidorinoVeleno
85%
#0086SeelAcqua
85%
#0072TentacoolAcqua/Veleno
85%
#0013WeedleColeottero/Veleno
85%
#0063AbraPsico
82%
#0065AlakazamPsico
82%
#0024ArbokVeleno
82%
#0050DiglettTerra
82%
#0148DragonairDrago
82%
#0147DratiniDrago
82%
#0051DugtrioTerra
82%
#0133EeveeNormale
82%
#0023EkansVeleno
82%
#0125ElectabuzzElettro
82%
#0136FlareonFuoco
82%
#0135JolteonElettro
82%
#0140KabutoRoccia/Acqua
82%
#0141KabutopsRoccia/Acqua
82%
#0064KadabraPsico
82%
#0129MagikarpAcqua
82%
#0082MagnetonElettro/Acciaio
82%
#0146MoltresFuoco/Volante
82%
#0031NidoqueenVeleno/Terra
82%
#0077PonytaFuoco
82%
#0078RapidashFuoco
82%
#0020RaticateNormale
82%
#0019RattataNormale
82%
#0073TentacruelAcqua/Veleno
82%
#0134VaporeonAcqua
82%
#0110WeezingVeleno
82%
#0142AerodactylRoccia/Volante
79%
#0144ArticunoGhiaccio/Volante
79%
#0069BellsproutErba/Veleno
79%
#0022FearowNormale/Volante
79%
#0044GloomErba/Veleno
79%
#0055GolduckAcqua
79%
#0130GyaradosAcqua/Volante
79%
#0081MagnemiteElettro/Acciaio
79%
#0089MukVeleno
79%
#0043OddishErba/Veleno
79%
#0138OmanyteRoccia/Acqua
79%
#0139OmastarRoccia/Acqua
79%
#0054PsyduckAcqua
79%
#0143SnorlaxNormale
79%
#0021SpearowNormale/Volante
79%
#0049VenomothColeottero/Veleno
79%
#0045VileplumeErba/Veleno
79%
#0145ZapdosElettro/Volante
79%
#0087DewgongAcqua/Ghiaccio
76%
#0096DrowzeePsico
76%
#0101ElectrodeElettro
76%
#0042GolbatVeleno/Volante
76%
#0088GrimerVeleno
76%
#0097HypnoPsico
76%
#0056MankeyLotta
76%
#0038NinetalesFuoco
76%
#0060PoliwagAcqua
76%
#0061PoliwhirlAcqua
76%
#0062PoliwrathAcqua/Lotta
76%
#0112RhydonTerra/Roccia
76%
#0111RhyhornTerra/Roccia
76%
#0027SandshrewTerra
76%
#0028SandslashTerra
76%
#0119SeakingAcqua
76%
#0079SlowpokeAcqua/Psico
76%
#0114TangelaErba
76%
#0128TaurosNormale
76%
#0048VenonatColeottero/Veleno
76%
#0037VulpixFuoco
76%
#0070WeepinbellErba/Veleno
76%
#0041ZubatVeleno/Volante
76%
#0113ChanseyNormale
74%
#0256CombuskenFuoco/Lotta
74%
#0239ElekidElettro
74%
#0115KangaskhanNormale
74%
#0052MeowthNormale
74%
#0057PrimeapeLotta
74%
#0156QuilavaFuoco
74%
#0123ScytherColeottero/Volante
74%
#0080SlowbroAcqua/Psico
74%
#0121StarmieAcqua/Psico
74%
#0120StaryuAcqua
74%
#0208SteelixTerra/Acciaio
74%
#0158TotodileAcqua
74%
#0252TreeckoErba
74%
#0100VoltorbElettro
74%
#0257BlazikenFuoco/Lotta
71%
#0251CelebiPsico/Erba
71%
#0036ClefableFolletto
71%
#0035ClefairyFolletto
71%
#0173CleffaFolletto
71%
#0169CrobatVeleno/Volante
71%
#0155CyndaquilFuoco
71%
#0102ExeggcuteErba/Psico
71%
#0103ExeggutorErba/Psico
71%
#0118GoldeenAcqua
71%
#0039JigglypuffNormale/Folletto
71%
#0124JynxGhiaccio/Psico
71%
#0249LugiaPsico/Volante
71%
#0154MeganiumErba
71%
#0258MudkipAcqua
71%
#0046ParasColeottero/Erba
71%
#0047ParasectColeottero/Erba
71%
#0053PersianNormale
71%
#0245SuicuneAcqua
71%
#0157TyphlosionFuoco
71%
#0197UmbreonBuio
71%
#0071VictreebelErba/Veleno
71%
#0040WigglytuffNormale/Folletto
71%
#0152ChikoritaErba
68%
#0091CloysterAcqua/Ghiaccio
68%
#0159CroconawAcqua
68%
#0104CuboneTerra
68%
#0085DodrioNormale/Volante
68%
#0084DoduoNormale/Volante
68%
#0083Farfetch'dNormale/Volante
68%
#0160FeraligatrAcqua
68%
#0253GrovyleErba
68%
#0237HitmontopLotta
68%
#0250Ho-OhFuoco/Volante
68%
#0116HorseaAcqua
68%
#0108LickitungNormale
68%
#0240MagbyFuoco
68%
#0164NoctowlNormale/Volante
68%
#0127PinsirColeottero
68%
#0243RaikouElettro
68%
#0212ScizorColeottero/Acciaio
68%
#0117SeadraAcqua
68%
#0090ShellderAcqua
68%
#0255TorchicFuoco
68%
#0184AzumarillAcqua/Folletto
65%
#0153BayleefErba
65%
#0182BellossomErba
65%
#0132DittoNormale
65%
#0244EnteiFuoco
65%
#0196EspeonPsico
65%
#0163HoothootNormale/Volante
65%
#0229HoundoomBuio/Fuoco
65%
#0099KinglerAcqua
65%
#0098KrabbyAcqua
65%
#0246LarvitarRoccia/Terra
65%
#0264LinooneNormale
65%
#0183MarillAcqua/Folletto
65%
#0122Mr. MimePsico/Folletto
65%
#0177NatuPsico/Volante
65%
#0247PupitarRoccia/Terra
65%
#0384RayquazaDrago/Volante
65%
#0254SceptileErba
65%
#0260SwampertAcqua/Terra
65%
#0178XatuPsico/Volante
65%
#0263ZigzagoonNormale
65%
#0162FurretNormale
62%
#0228HoundourBuio/Fuoco
62%
#0230KingdraAcqua/Drago
62%
#0382KyogreAcqua
62%
#0179MareepElettro
62%
#0105MarowakTerra
62%
#0259MarshtompAcqua/Terra
62%
#0200MisdreavusSpettro
62%
#0172PichuElettro
62%
#0221PiloswineGhiaccio/Terra
62%
#0378RegiceGhiaccio
62%
#0161SentretNormale
62%
#0227SkarmoryAcciaio/Volante
62%
#0199SlowkingAcqua/Psico
62%
#0192SunfloraErba
62%
#0191SunkernErba
62%
#0175TogepiFolletto
62%
#0176TogeticFolletto/Volante
62%
#0236TyrogueLotta
62%
#0181AmpharosElettro
59%
#0168AriadosColeottero/Veleno
59%
#0383GroudonTerra
59%
#0214HeracrossColeottero/Lotta
59%
#0174IgglybuffNormale/Folletto
59%
#0171LanturnAcqua/Elettro
59%
#0241MiltankNormale
59%
#0198MurkrowBuio/Volante
59%
#0137PorygonNormale
59%
#0377RegirockRoccia
59%
#0379RegisteelAcciaio
59%
#0218SlugmaFuoco
59%
#0220SwinubGhiaccio/Terra
59%
#0248TyranitarRoccia/Buio
59%
#0386DeoxysPsico
56%
#0180FlaaffyElettro
56%
#0205ForretressColeottero/Acciaio
56%
#0203GirafarigNormale/Psico
56%
#0187HoppipErba/Volante
56%
#0219MagcargoFuoco/Roccia
56%
#0262MightyenaBuio
56%
#0204PinecoColeottero
56%
#0261PoochyenaBuio
56%
#0275ShiftryErba/Buio
56%
#0213ShuckleColeottero/Roccia
56%
#0167SpinarakColeottero/Veleno
56%
#0190AipomNormale
53%
#0371BagonDrago
53%
#0374BeldumAcciaio/Psico
53%
#0242BlisseyNormale
53%
#0170ChinchouAcqua/Elettro
53%
#0349FeebasAcqua
53%
#0189JumpluffErba/Volante
53%
#0380LatiasDrago/Psico
53%
#0381LatiosDrago/Psico
53%
#0166LedianColeottero/Volante
53%
#0165LedybaColeottero/Volante
53%
#0226MantineAcqua/Volante
53%
#0350MiloticAcqua
53%
#0279PelipperAcqua/Volante
53%
#0211QwilfishAcqua/Veleno
53%
#0280RaltsPsico/Folletto
53%
#0364SealeoGhiaccio/Acqua
53%
#0273SeedotErba
53%
#0238SmoochumGhiaccio/Psico
53%
#0278WingullAcqua/Volante
53%
#0306AggronAcciaio/Roccia
50%
#0304AronAcciaio/Roccia
50%
#0267BeautiflyColeottero/Volante
50%
#0268CascoonColeottero
50%
#0225DelibirdGhiaccio/Volante
50%
#0232DonphanTerra
50%
#0282GardevoirPsico/Folletto
50%
#0210GranbullFolletto
50%
#0281KirliaPsico/Folletto
50%
#0305LaironAcciaio/Roccia
50%
#0376MetagrossAcciaio/Psico
50%
#0375MetangAcciaio/Psico
50%
#0231PhanpyTerra
50%
#0233Porygon2Normale
50%
#0266SilcoonColeottero
50%
#0188SkiploomErba/Volante
50%
#0215SneaselBuio/Ghiaccio
50%
#0209SnubbullFolletto
50%
#0363SphealGhiaccio/Acqua
50%
#0185SudowoodoRoccia
50%
#0277SwellowNormale/Volante
50%
#0216TeddiursaNormale
50%
#0217UrsaringNormale
50%
#0288VigorothNormale
50%
#0194WooperAcqua/Terra
50%
#0193YanmaColeottero/Volante
50%
#0359AbsolBuio
47%
#0334AltariaDrago/Volante
47%
#0298AzurillNormale/Folletto
47%
#0354BanetteSpettro
47%
#0318CarvanhaAcqua/Buio
47%
#0222CorsolaAcqua/Roccia
47%
#0206DunsparceNormale
47%
#0269DustoxColeottero/Veleno
47%
#0330FlygonTerra/Drago
47%
#0207GligarTerra/Volante
47%
#0272LudicoloAcqua/Erba
47%
#0274NuzleafErba/Buio
47%
#0186PolitoedAcqua
47%
#0195QuagsireAcqua/Terra
47%
#0373SalamenceDrago/Volante
47%
#0319SharpedoAcqua/Buio
47%
#0372ShelgonDrago
47%
#0289SlakingNormale
47%
#0287SlakothNormale
47%
#0235SmeargleNormale
47%
#0276TaillowNormale/Volante
47%
#0321WailordAcqua
47%
#0202WobbuffetPsico
47%
#0265WurmpleColeottero
47%
#0323CameruptFuoco/Terra
44%
#0385JirachiAcciaio/Psico
44%
#0270LotadAcqua/Erba
44%
#0308MedichamLotta/Psico
44%
#0307MedititeLotta/Psico
44%
#0312MinunElettro
44%
#0311PlusleElettro
44%
#0223RemoraidAcqua
44%
#0333SwabluNormale/Volante
44%
#0201UnownPsico
44%
#0329VibravaTerra/Drago
44%
#0320WailmerAcqua
44%
#0347AnorithRoccia/Coleottero
41%
#0348ArmaldoRoccia/Coleottero
41%
#0331CacneaErba
41%
#0356DusclopsSpettro
41%
#0355DuskullSpettro
41%
#0297HariyamaLotta
41%
#0271LombreAcqua/Erba
41%
#0294LoudredNormale
41%
#0296MakuhitaLotta
41%
#0310ManectricElettro
41%
#0291NinjaskColeottero/Volante
41%
#0322NumelFuoco/Terra
41%
#0224OctilleryAcqua
41%
#0285ShroomishErba
41%
#0234StantlerNormale
41%
#0324TorkoalFuoco
41%
#0328TrapinchTerra
41%
#0357TropiusErba/Volante
41%
#0313VolbeatColeottero
41%
#0365WalreinGhiaccio/Acqua
41%
#0286BreloomErba/Lotta
38%
#0332CacturneErba/Buio
38%
#0366ClamperlAcqua
38%
#0309ElectrikeElettro
38%
#0295ExploudNormale
38%
#0362GlalieGhiaccio
38%
#0314IllumiseColeottero
38%
#0345LileepRoccia/Erba
38%
#0290NincadaColeottero/Terra
38%
#0369RelicanthAcqua/Roccia
38%
#0315RoseliaErba/Veleno
38%
#0302SableyeBuio/Spettro
38%
#0292ShedinjaColeottero/Spettro
38%
#0341CorphishAcqua
35%
#0368GorebyssAcqua
35%
#0316GulpinVeleno
35%
#0303MawileAcciaio/Folletto
35%
#0336SeviperVeleno
35%
#0361SnoruntGhiaccio
35%
#0340WhiscashAcqua/Terra
35%
#0293WhismurNormale
35%
#0335ZangooseNormale
35%
#0343BaltoyTerra/Psico
32%
#0344ClaydolTerra/Psico
32%
#0301DelcattyNormale
32%
#0326GrumpigPsico
32%
#0337LunatoneRoccia/Psico
32%
#0284MasquerainColeottero/Volante
32%
#0353ShuppetSpettro
32%
#0300SkittyNormale
32%
#0338SolrockRoccia/Psico
32%
#0327SpindaNormale
32%
#0283SurskitColeottero/Acqua
32%
#0339BarboachAcqua/Terra
29%
#0358ChimechoPsico
29%
#0346CradilyRoccia/Erba
29%
#0342CrawdauntAcqua/Buio
29%
#0370LuvdiscAcqua
29%
#0299NosepassRoccia
29%
#0325SpoinkPsico
29%
#0351CastformNormale
26%
#0367HuntailAcqua
26%
#0352KecleonNormale
26%
#0317SwalotVeleno
26%
#0360WynautPsico
26%

Distribuzione punteggi

Percentile per numero di risposta

Percentuale di utenti per punteggio

I tuoi punteggi nel tempo

Non hai fatto questo quiz